00414nam a2200133 a 4500008004100000020001500041050001600056100001700072245008900089260003600178300003300214350001000247650002300257210223s2003 ||||||||||||||||| || u a0130179175 aHD 62.4 Yip aYip George S10aTotal global strategy II: Updated for the internet and service eracBy George S. Yip aNew jerseybPrentice Hallc2003 axix,299 pages :illustrations a14.64 0aSTRATEGIC PLANNING